Object-oriented software engineering using UML, patterns, and java / (Record no. 3886)
[ view plain ]
| 000 -LEADER | |
|---|---|
| fixed length control field | 00706cam a22002172 4500 |
| 001 - CONTROL NUMBER | |
| control field | 0000019163 |
| 005 - DATE AND TIME OF LATEST TRANSACTION | |
| control field | 20151217145911.0 |
| 008 - FIXED-LENGTH DATA ELEMENTS--GENERAL INFORMATION | |
| fixed length control field | 101018s xx 000 0 eng d |
| 020 ## - INTERNATIONAL STANDARD BOOK NUMBER | |
| International Standard Book Number | 013818152217 : |
| 040 ## - CATALOGING SOURCE | |
| Original cataloging agency | KABU |
| Transcribing agency | KABU |
| 100 1# - MAIN ENTRY--PERSONAL NAME | |
| Personal name | Bruegge, Bernd. |
| -- | 0000157723 |
| 245 10 - TITLE STATEMENT | |
| Title | Object-oriented software engineering using UML, patterns, and java / |
| Statement of responsibility, etc. | Bernd Bruegge & Allen H. Dutoit. |
| 250 ## - EDITION STATEMENT | |
| Edition statement | 3rd ed. |
| 260 ## - PUBLICATION, DISTRIBUTION, ETC. (IMPRINT) | |
| Place of publication, distribution, etc. | Boston : |
| Name of publisher, distributor, etc. | Pearson, |
| Date of publication, distribution, etc. | 2010. |
| 300 ## - PHYSICAL DESCRIPTION | |
| Extent | 812 p. |
| 650 #0 - SUBJECT ADDED ENTRY--TOPICAL TERM | |
| Topical term or geographic name as entry element | Object oriented programming (Computer science) |
| -- | 0000148166 |
| 700 1# - ADDED ENTRY--PERSONAL NAME | |
| Personal name | Dutoit, Allen H. |
| -- | 0000157724 |
| 852 1# - LOCATION | |
| -- | p4548.70 KES |
| 908 ## - PUT COMMAND PARAMETER (RLIN) | |
| Put command parameter | 101018 |
| 950 ## - LOCAL HOLDINGS (RLIN) | |
| -- | 1 |
| Withdrawn status | Lost status | Source of classification or shelving scheme | Not for loan | Home library | Current library | Date acquired | Total Checkouts | Full call number | Barcode | Date last seen | Date last checked out | Price effective from | Koha item type |
|---|---|---|---|---|---|---|---|---|---|---|---|---|---|
| Library of Congress Classification | Kabarak, Main Campus | Kabarak, Main Campus | 17/12/2015 | 2 | QA76.64 .B78 2010 c. 1 | 23669 | 03/09/2018 | 27/08/2018 | 17/12/2015 | General Collection |